000 00473nam a2200169Ia 4500
008 151018s9999 xx 000 0 und d
082 _bRBASDV57425
_a891.463
100 _aरत्नाकर मतकरी
245 _aअँडम
260 _bक्ष
_c2011
300 _a12
600 _aरत्नाकर मतकरी
630 _aअँडम
700 _aरत्नाकर मतकरी
730 _aअँडम
942 _cBOOK
999 _c1052802
_d1052799